000 00895nam a2200253Ia 4500
003 OSt
005 20221005111448.0
006 a|||||r|||| 00| 0
007 ta
008 221004b |||||||| |||| 00| 0 hin d
020 _a8181430964 (hbk)
_c300
024 _a104410
037 _b372, 17/02/2011, Vani Prakashan
_cTextual
040 _aCRL
_cCRL
_bhin
041 _2hin
_ahin
082 _aO152:g, P3
100 _aनवल, नन्दकिशोर, संपा.
245 0 _aहिन्दी साहित्यशास्त्र
246 _aHindī sāhityashāstra
260 _aनई दिल्ली
_bवाणी प्रकाशन भारत
_c2003
300 _a280पृ0
_ccm.
942 _hO152:g, P3
_cTEXL
_2cc
999 _c1021904
_d1021904